000 00693nam a2200205 a 4500
001 000022241
005 20200930011639.0
008 100920s1984 mx r 001 0 spa d
040 _aDO-SdBNP
_bspa
_cBNPHU
041 1 7 _aspa
_heng
_2Código de idioma MARC
082 _annnn
_bM647c
100 1 _aMiller, Gabriel,
_945987
240 1 0 _aJohn Irving.
_lEspañol.
245 1 0 _aCosmovisión del novelista John Irving /
_cGabriel Miller ; traducción de Elisa Moreno C.
260 _aMéxico :
_bNoema,
_c1984.
300 _a200 p. ;
_c21 cm.
534 _pTítulo original en inglés:
_tJohn Irving.
_cNew York : Frederick Ungar, 1982.
700 1 _aMoreno C., Elisa,
_etr.
_98942
049 _aBNGR
999 _c21739
_d21739